000 00644nam a2200229Ia 4500
005 20260429111937.0
008 260429s9999||||xx |||||||||||||| ||und||
020 _a9789390729586
041 _aEnglish
082 _a954.83
_bMAT
100 _aMathew, K.S.
245 0 _aPortuguese presence in India :
_bMalabar and Goa /
_cK.S. Mathew
250 _a1st ed.
260 _aNew Delhi :
_bManohar Publishers and Distributors,
_c2024.
300 _a562 p.; hb
650 _a Colonial studies
650 _a Goa-History
650 _a Malabar-History
650 _aPortuguese India
700 _a Mukherjee, Poulami Aich
942 _cTB
999 _c51549
_d51549